| 000 | 00673nam a22001577a 4500 | ||
|---|---|---|---|
| 003 | OSt | ||
| 005 | 20151007143535.0 | ||
| 008 | 151007b xxu||||| |||| 00| 0 eng d | ||
| 040 | _cRUA | ||
| 082 | _aAVM DOU 2006 B076 Or.1 | ||
| 100 |
_92278 _aDOUM, THAREN. |
||
| 245 | _aThe study on cysticercosis in pigs cattle and buffaloes at slaughterhouse in svay rieng province, ការសិក្សាលើជំងឺចុងអង្ករជ្រូកគោ ក្របី ដែលជួបប្រទះនៅទីសត្ដឃាដខេត្តស្វាយរៀង | ||
| 260 |
_aPhnom Penh _bRUA _c2006 |
||
| 300 |
_a38p. _bill. _c29cm. |
||
| 942 |
_2ddc _cAVM |
||
| 999 |
_c2147 _d2147 |
||